00727nam a2200229Ia 4500008004100000020001800041050001600059050001800075100003800093245002700131245003700158260001200195260004400207260000900251300001600260300002000276300001100296500002000307650002600327999001900353952012500372160319s9999 xx 000 0 und d a971-9122-00-5 aFIL HF 5691 b.D45 1999 c.1 aDel Rosario, Asuncion C. Mercado  aBusiness mathematics / cAsuncion C. Mercado Del Rosario. aManila: bJade Bookstore Educational Pub. House,  c1999 a282 pages : billustrations ; c25 cm. aIncludes index. aBusiness mathematics. c291792d291792 001040aSMCbSMCcFILd2011-03-07g210.00l0oFIL HF 5691 .D45 1999 c.1pSMC00295r2016-03-19 00:00:00w2016-03-19yBK